000 00519nam a2200217Ia 4500
003 OSt
005 20220924134154.0
006 a|||||r|||| 00| 0
007 ta
008 220923b |||||||| |||| 00| 0 snd d
024 _a272623
037 _cTextual
040 _aARTS
_cARTS
_bsnd
041 _2snd
_asnd
082 _aO1593,1NHLx, K3
100 _aDukhayal
_9208220
245 0 _aJhungar
260 _c1963
942 _hO1593,1NHLx, K3
_cTEXL
_2CC
999 _c436641
_d436641